Historiaa kirjaimittain - N - Statistics

Yleistilastot
  • Tätä visaa on pelattu 1 531 kertaa
  • Keskiarvotulos 12 / 20
Vastaustilastot
Vihje Vastaus % Oikein
Waterloossa päihitetty ranskalainen johtaja Napoleon
96%
Toinen kylmän sodan suurvalloista Neuvostoliitto
96%
Saksan entinen fasistinen puolue NSDAP (Natsipuolue)
91%
Pariisissa sijaitseva katedraali, jonka rakentaminen aloitettiin 1163 Notre-Dame
84%
Venäjän viimeinen tsaari Nikolai II
78%
Suuri kreikkalaisten perustama kaupunki Italiassa Napoli
77%
Talonpoikien suuri sodaksi muuttunut kapina Suomessa 1596–1597 Nuijasota
77%
Watergate-skandaalin vuoksi eronnut Yhdysvaltain presidentti Richard Nixon
71%
Lyyraa soittanut Rooman valtakunnan keisari, jonka on väitetty sytyttäneen Rooma tuleen Nero
67%
Dynamiitin keksijä Alfred Nobel
63%
Jazz-musiikki on lähöisin tästä Yhdysvaltain kaupungista New Orleans
60%
Noin 40 000 vuotta sitten sukupuuttoon kuollut ihmislaji Neandertalinihminen
56%
Ranskaan asettautunut skandinavialaislähtöinen ihmisryhmä, joka valloitti Britannian Normannit
41%
Saksalainen filosofi, jonka teoksiin kuuluu Näin puhui Zarathustra Friedrich Nietzsche
38%
Pohjois-Amerikan alkuperäiskansa, jonka kieltä käytettiin salakielenä toisessa maailmansodassa Navajot
36%
Trafalgarin taistelun voitokas amiraali Horatio Nelson
34%
Kleopatran jälkeen toiseksi tunnetuin Egyptin kuningatar Nefertiti
32%
Kiinan kaupunki, jonka nimi tarkoittaa "eteläistä pääkaupunkia" Nanjing
29%
Intian politiikkaa maan itsenäistymisen jälkeen hallinnut suku Nehru
17%
Historiallinen alue Sudanin pohjoisosissa Nubia
16%
Ehtoja vastaavia visoja ei löytynyt
Tulosjakauma
Jokaisen tuloksen saaneiden osuus
Persentiili vastausten määrän mukaan
Tuloshistoriasi
Et ole pelannut tätä visaa